| 000 | 004630000a22001810004500 | ||
|---|---|---|---|
| 003 | MACL | ||
| 005 | 20151007124537.0 | ||
| 008 | 151007b xxu||||| |||| 00| 0 eng d | ||
| 040 |
_aMACL _cMACL |
||
| 041 | _aEnglish | ||
| 082 | _a920/MUK | ||
| 100 |
_aMukhaji, Visvapriya _913987 |
||
| 245 |
_aJagadis Chandra Bose _bBuilders of Modern India |
||
| 260 |
_bPublicaton Division _c1983 _aNasik |
||
| 350 | _a10 | ||
| 650 |
_aBiography _913988 |
||
| 942 |
_cBK _k920 _2ddc |
||
| 999 |
_c6115 _d6115 |
||